000
00422nam a22001337a 4500
003
SGT
020
_a
9780670092581
082
_a
080
_b
R20S
100
_a
श्रीवास्तव, प्रदीप
245
_a
रामविलास पासवान : संकल्प, साहस और संघर्ष
260
_b
पेंगुइन बुक्स
_c
2020
300
_a
290
942
_2
ddc
_c
BK
999
_c
31502
_d
31502